000 00424nam a22001577a 4500
008 151021b xxu||||| |||| 00| 0 eng d
020 _a9781118173039
041 0 _aeng
080 _a004
100 1 _aMcFedries, Paul.
245 1 4 _aThe new iPad /
_cby Paul McFedries.
260 _aHoboken, N.J. :
_bJohn Wiley & Sons,
_c2012.
300 _axviii, 317 f. :
_bme il.;
_c23 cm.
650 0 _aiPad (Computer)
942 _2udc
_cBK
999 _c1323
_d1323